| 000 | 01406nam a2200289Ia 4500 | ||
|---|---|---|---|
| 005 | 20220317001053.0 | ||
| 008 | 160825s2009 ck a g 000 0 spa | ||
| 020 | _a97895830036012 | ||
| 100 | 1 |
_aVélez, Rubén _d1956- |
|
| 245 | 1 | 0 |
_aHip, hipopótamo vagabundo _cRubén Vélez ; ilustrado por Henry González y Nancy Granada |
| 250 |
_a1a. edición _b6a. reimpresión |
||
| 300 |
_a85 páginas _bilustraciones en color _c20 cm |
||
| 490 | _aCorcel | ||
| 505 | _a¿Hipopótamos o monedas de cincuenta centavos? ; En todo caso, viajar ; El guardián vio una torre ; Fíjese bien, señorita Alpiste ; Un ciudadano recto ; Hipopótamo en añicos ; ¿De qué puede quejarse? ; ¡Ahí viene Leopoldo! ; Ciertas payasadas ; Roncar y soñar ; Esta noche es un paréntesis ; Llevarles la contraria a las lágrimas ; El muy vagabundo ; Bienvenido el hipopótamo ; Ellos tampoco tienen remedio | ||
| 650 | 1 | 4 |
_2LEMB _aCuentos infantiles colombianos _ySiglo XX |
| 650 | 1 | 4 |
_2LEMB _aLiteratura infantil colombiana _ySiglo XX |
| 650 | 1 | 4 |
_2LEMB _aAnimales en la literatura |
| 700 | 1 |
_aGonzález, Henry _910755 |
|
| 700 | 1 |
_aGranada Sabogal, Nancy _965257 |
|
| 942 |
_2loc _cBKLIT |
||
| 264 |
_aBogotá _bPanamericana _c2009 |
||
| 336 |
_atexto _btxt _2rdacontent |
||
| 337 |
_asin mediación _bn _2rdamedia |
||
| 338 |
_avolumen _bnc _2rdacarrier |
||
| 040 |
_aCO-BoRNBP _bspa _erda _cCO-BoRNBP |
||
| 084 | _aN VEL3 | ||
| 999 |
_c5848 _d5848 |
||